Sisi 5. diel Na zámku snov

Bibliographic Details
Main Author: Ingenheim, Marieluise von (Author)
Other Authors: Rotheová, Eva (Translator)
Format: Book
Language:Slovak
German
PhysicalDescription:234 strán 21 cm
Published: Bratislava Media klub 1999
ISBN:8085772915
Subjects:

MARC

LEADER 00000cam a2200000 a 4500
001 vtls001366714
003 SK-MaSNL
005 20260301161032.0
008 240801s1999 xo gr 000 fbslo
015 |a SNBA1999/10-03644 
020 |a 8085772915 
035 |a SNK000320396 
035 |a urn:nbn:sk:snk-amk4wg 
035 |a urn:nbn:sk:snk-am004was 
035 |a B7A47916-DFA9-4DB5-844D-62637D5F2ED3 
040 |a SNK  |b slo  |c SNK  |e AACR2 
041 1 |a slo  |h ger 
044 |a xo  |c SK 
072 7 |a 821.112.2-3  |x Nemecká próza, nemecky písaná  |2 konspekt 
072 7 |a 929  |x Biografie  |2 konspekt 
080 |a 830 (436)-3  |2 1981 
080 |a 929.731-055.2  |2 2011 
080 |a 821.112.2(436)-31  |2 2011 
080 |a (0:82-311.6)  |2 2011 
080 |a (0:82-312.6)  |2 2011 
100 1 |a Ingenheim, Marieluise von  |4 aut  |9 44505 
240 1 0 |a Sissy - Im Schloss der Träume  |l Slovensky 
245 1 0 |a Sisi  |n 5. diel  |p Na zámku snov  |c Marieluise von Ingenheim 
246 3 0 |a Na zámku snov 
260 |a Bratislava  |b Media klub  |c 1999 
300 |a 234 strán  |c 21 cm 
500 |a Preložila Eva Rotheová 
500 |a Preložené z nemčiny 
600 0 7 |a Alžbeta,  |c cisárovná, manželka Františka Jozefa I., rakúskeho cisára,  |d 1837-1898  |2 SNKMA  |9 83094 
650 0 7 |a panovníčky  |2 SNKPH  |9 75499 
655 7 |a rakúske romány  |2 SNKPH  |9 70605 
655 7 |a historické romány  |2 SNKPH  |9 70253 
655 7 |a biografické romány  |2 SNKPH  |9 1532 
700 1 |a Rotheová, Eva  |4 trl  |9 65006 
787 0 8 |i Zo série:  |t Sisi  |g 5. časť 
852 |a Slovenská národná knižnica 
919 |a 80-85772-91-5 
954 |a beletria cudzojazyčná (svetová)  |2 lita 
958 |a UP 
958 |a LX 
958 |a BC 
968 |b DT 
999 |c 807849  |d 809779 
952 |t P60, <03>, [BOOK], {603}  |a SNK  |b SNK  |y PREZ  |7 0  |p 17A0198700  |o snkSC 96545/5  |i snkKSP 7110/99  |0 0  |1 0  |4 0  |d 1999-06-28  |f 1  |l 0  |r 2025-09-16 00:00:00  |w 2026-02-24 
952 |t P60, <05>, [BOOK], {605}  |a SNK  |b SNK  |y PREZ  |7 0  |p 17A0198701  |o snkSC 96545/5 D1  |i snkKSP 7111/99  |0 0  |1 0  |4 0  |d 1999-06-28  |l 0  |r 2005-01-02 00:00:00  |w 2026-02-24